Navrhování požární bezpečnosti výrobních objektů část IV

Bibliographic Details
Main Author: Reichel, Vladimír (Author)
Format: Book
Language:Undetermined
Published: Praha Česká státní pojišťovňa 1989

MARC

LEADER 00000nam a2200000 a 4500
001 vtls001386671
003 SK-MaSNL
005 20260301201630.0
008 240314s1989 xx 0 und
035 |a SNK000340839 
040 |a SNK  |b slo  |c SNK  |e AACR2 
100 1 |a Reichel, Vladimír  |4 aut  |9 388867 
245 1 0 |a Navrhování požární bezpečnosti výrobních objektů  |b část IV 
260 |a Praha  |b Česká státní pojišťovňa  |c 1989 
300 |a 148 s. 
958 |a OND 
999 |c 895607  |d 897537 
952 |t P60, <04>, [BOOK], {604}  |a SNK  |b SNK  |y VYP  |7 0  |p 17A0152168  |o snkIB 58027/4  |0 0  |1 0  |4 0  |d 2000-04-08  |l 0  |r 2005-01-02 00:00:00  |w 2026-02-24